000 00343nam a2200145Ia 4500
008 240830s1901 xx 000 0 und d
041 _aeng
082 _a0 MUN
100 _aMUNRO J./EDWARDS C.
245 _aMOCLEOD S CLINICAL EXAMINATON
260 _bN.D.
_c1901
650 _aVIKRUTI-VIGAYAN
906 _aN.D.
999 _c1192046
_d1192046